| 000 | 00383cam a2200169ua 4500 | ||
|---|---|---|---|
| 020 | _c7.00 | ||
| 041 |
_ahin _h |
||
| 082 |
_a891.54 _bRAN/AK |
||
| 100 | _aRangya, Raghava . | ||
| 245 |
_aAkhiri awaz / _cRaghava Rangeya. _hTextual Documents |
||
| 260 |
_a : _bRajpal and Sanch. |
||
| 300 | _a116 ; . | ||
| 365 | _a7.00 | ||
| 504 | _a | ||
| 942 | _cBK | ||
| 999 |
_c8271 _d8271 |
||